ARRUPE JESUIT UNIVERSITY

CORONAVIRUS -STOP THE SPREAD - CLEAN,DISINFECT,COVER

How can a ball point pen fight with a gun: (Record no. 128936)

MARC details
000 -LEADER
fixed length control field 01293cam a2200277 a 4500
001 - CONTROL NUMBER
control field 15966755
003 - CONTROL NUMBER IDENTIFIER
control field ARRUPE
005 - DATE AND TIME OF LATEST TRANSACTION
control field 20190214105459.0
008 - FIXED-LENGTH DATA ELEMENTS--GENERAL INFORMATION
fixed length control field 091030s2008 rh 000 0 eng
010 ## - LIBRARY OF CONGRESS CONTROL NUMBER
LC control number 2009334652
040 ## - CATALOGING SOURCE
Original cataloging agency DLC
Transcribing agency DLC
Modifying agency DLC
042 ## - AUTHENTICATION CODE
Authentication code lcode
043 ## - GEOGRAPHIC AREA CODE
Geographic area code f-rh---
050 00 - LIBRARY OF CONGRESS CALL NUMBER
Classification number SPC. JQ2927.A1
Item number H847 2008
300 ## - PHYSICAL DESCRIPTION
Dimensions 30 cm.
245 04 - TITLE STATEMENT
Title How can a ball point pen fight with a gun:
Remainder of title report on the Zimbabwe presidential run-off and House of Assembly by-elections held on 27 June 2008 /
Statement of responsibility, etc [compiled by the Catholic Commission for Justice and Peace in Zimbabwe (CCJPZ)].
246 30 - VARYING FORM OF TITLE
Title proper/short title Report on the Zimbabwe presidential run-off and House of Assembly by-elections held on 27 June 2008
260 ## - PUBLICATION, DISTRIBUTION, ETC. (IMPRINT)
Place of publication, distribution, etc Harare, Zimbabwe :
Name of publisher, distributor, etc CCJPZ,
Date of publication, distribution, etc [2008]
300 ## - PHYSICAL DESCRIPTION
Extent 43 p. ;
500 ## - GENERAL NOTE
General note Cover title.
651 ## - SUBJECT ADDED ENTRY--GEOGRAPHIC NAME
Geographic name Zimbabwe
General subdivision Elections 2008
9 (RLIN) 44485
710 2# - ADDED ENTRY--CORPORATE NAME
Corporate name or jurisdiction name as entry element Catholic Church.
Subordinate unit Zimbabwe Catholic Bishops' Conference.
9 (RLIN) 43101
710 2# - ADDED ENTRY--CORPORATE NAME
Corporate name or jurisdiction name as entry element Catholic Commission for Justice and Peace in Zimbabwe.
9 (RLIN) 28867
906 ## - LOCAL DATA ELEMENT F, LDF (RLIN)
a 7
b cbc
c origode
d 3
e ncip
f 20
g y-gencatlg
942 ## - ADDED ENTRY ELEMENTS (KOHA)
Source of classification or shelving scheme Library of Congress Classification
Koha item type SPC
Holdings
Withdrawn status Lost status Source of classification or shelving scheme Damaged status Not for loan Collection code Home library Current library Shelving location Date acquired Total Checkouts Full call number Barcode Date last seen Price effective from Koha item type
    Library of Congress Classification     SPECIAL Collection ARRUPE LIBRARY ARRUPE LIBRARY REFERENCE 07/02/2019   SPC. JQ2927.A1 H847 2008 46600003678 07/02/2019 07/02/2019 SPC

 

Arrupe Library. PO Box MP320 Mt Pleasant, Harare, Zimbabwe
263 242 745411|librarian@aju.ac.zw